01067nam a2200193Ia 4500001001000000003001000010008004100020040002500061041001300086100001800099245002700117250001100144260006600155300002800221500023800249501011400487520023800601650003400839L235-7921IT-CnALBA170116s9999||||xx |||||||||||||| ||und|| aIT-CnALBAcIT-CnALBA aITALIANO aPATSCH JOSEPH 0aLA MADRE DEL SIGNORE.  a1a ed. aCINISELLO BALSAMO (MI)bEDIZIONI PAOLINEc1955 [1° Ed.:1955] a262 p. (prefazione: 79) aTRADUZIONE DAL TEDESCO DI MARIO JANUALE, SSP. FONTI. GIOVINEZZA DI MARIA. MADRE. NAZARETH. VITA PUBBLICA DI GESÙ. PASSIONE. MORTE. RISURREZIONE. ASCENSIONE. MARIA NELLA CHIESA. MORTE DI MARIA. ASSUNZIONE IN CIELO IN ANIMA E CORPO.  aSocietà San Paolo EM - Piazza San Paolo, 14 - 12051 ALBA (CN) (non commercial uses only) ® Copyright 2017 aTRADUZIONE DAL TEDESCO DI MARIO JANUALE, SSP. FONTI. GIOVINEZZA DI MARIA. MADRE. NAZARETH. VITA PUBBLICA DI GESÙ. PASSIONE. MORTE. RISURREZIONE. ASCENSIONE. MARIA NELLA CHIESA. MORTE DI MARIA. ASSUNZIONE IN CIELO IN ANIMA E CORPO.  aMARIA SS. ANGELI SANTI DEMONI